Loading...
Literature - British Literature | 0 | 6 | 0 | 1 | 60 | 34 | 88.00 | 1 | 3 |
Literature - European Literature | 0 | 6 | 1 | 1 | 55 | 44 | 96.00 | 2 | 3 |
Literature - American Literature | 0 | 4 | 0 | 0 | 40 | 92 | 114.25 | 0 | 1 |
Fine Arts - Visual Fine Arts | 0 | 4 | 0 | 0 | 40 | 80 | 100.25 | 2 | 2 |
Science - Chemistry | 0 | 3 | 0 | 0 | 30 | 108 | 112.67 | 0 | 2 |
Science - Physics | 0 | 3 | 1 | 0 | 25 | 82 | 90.67 | 0 | 1 |
Science - Other Science | 0 | 1 | 0 | 0 | 10 | 88 | 88.00 | 1 | 1 |
History - Other History | 0 | 1 | 0 | 0 | 10 | 36 | 36.00 | 1 | 1 |
History - American History | 0 | 1 | 0 | 0 | 10 | 97 | 97.00 | 0 | 0 |
History - World History | 0 | 1 | 1 | 1 | 5 | 124 | 124.00 | 0 | 0 |
History - European History | 0 | 1 | 1 | 0 | 5 | 100 | 100.00 | 1 | 1 |
Religion | 0 | 1 | 1 | 0 | 5 | 103 | 103.00 | 0 | 0 |
Literature - World/Other Literature | 0 | 2 | 4 | 0 | 0 | 111 | 113.50 | 0 | 0 |
Mythology | 0 | 1 | 2 | 0 | 0 | 56 | 56.00 | 1 | 1 |
Social Science | 0 | 0 | 1 | 0 | -5 | 0.00 | 0 | 0 | |
Other Academic | 0 | 0 | 1 | 0 | -5 | 0.00 | 0 | 0 | |
Fine Arts - Other Fine Arts | 0 | 0 | 1 | 0 | -5 | 0.00 | 0 | 0 |